| 000 | 00771nam a2200205 a 4500 | ||
|---|---|---|---|
| 001 | 000035031 | ||
| 005 | 20200930074047.0 | ||
| 008 | 111024s1912 sp 000 0 spa d | ||
| 040 |
_aDO-SdBNP _bspa _cBNPHU |
||
| 082 |
_axxxx _bR112o |
||
| 100 | 1 |
_aRabasa, Emilio _960660 |
|
| 245 | 1 | 3 |
_aLa organización política de México : _bla constitución y la dictadura / _cEmilio Rabasa ; prólogo de Don Rodolfo Reyes. |
| 260 |
_aMadrid : _bEditorial América, _c[1912]. |
||
| 300 |
_a358 p. ; _c19 cm. |
||
| 490 | 1 | _aBiblioteca de ciencias políticas y sociales | |
| 590 | _aPerteneció a la biblioteca personal de Juan Isidro Jimenes Grullón | ||
| 700 | 1 |
_aReyes, Rodolfo, _epról. _960661 |
|
| 830 | 0 |
_aBiblioteca de ciencias políticas y sociales _960135 |
|
| 049 | _aBNGR | ||
| 999 |
_c34522 _d34522 |
||